[Event "Frankfurt Ch 2006"]
[Site "Ffm-Kalbach, LAZ"]
[Date "2006.05.08"]
[Round "3.30"]
[White "Kolompar, Josef"]
[Black "Nagel, Norbert"]
[Result "1/2-1/2"]
[WhiteElo "1909"]
[BlackElo "1720"]
[PlyCount "120"]
[EventDate "2006.??.??"]

1. e4 d5 2. e5 c5 3. c3 c4 4. b3 b5 5. Nf3 Nc6 6. a4 Ba6 7. axb5 Bxb5 8. Na3 a6
9. bxc4 dxc4 10. Bxc4 Na7 11. Qe2 Bxc4 12. Qxc4 Qc8 13. Nd4 Qxc4 14. Nxc4 Nc8
15. Ba3 e6 16. Ke2 Nge7 17. Nd6+ Nxd6 18. Bxd6 Ng6 19. Nb5 Bxd6 20. Nxd6+ Ke7
21. Nc4 Nf4+ 22. Kf3 Nd5 23. Rhb1 Rhc8 24. Nd6 Rc6 25. c4 Nb6 26. d3 f6 27. Ne4
fxe5 28. Ra5 Nd7 29. Rb7 Kd8 30. Ng5 Kc8 31. Rb2 h6 32. Nf7 Kc7 33. Nxe5 Nxe5+
34. Rxe5 Kd6 35. Ke4 a5 36. Ra2 a4 37. Ra3 Ke7 38. f4 Rb6 39. Rb5 Rxb5 40. cxb5
Rb8 41. Rxa4 Rxb5 42. g4 Rb2 43. h4 Rh2 44. Ra7+ Kf6 45. g5+ Kg6 46. h5+ Rxh5
47. gxh6 gxh6 48. Re7 Kf6 49. Re8 Kf7 50. Ra8 Kf6 51. Ra1 Kf7 52. d4 Kf6 53.
Rd1 Kf7 54. Kf3 Kf6 55. Kg4 Ra5 56. Rh1 h5+ 57. Kf3 Kg6 58. Ke4 Kf6 59. Rh4 Rb5
60. Rh3 Ra5 1/2-1/2

[Event "Frankfurt Ch 2006"]
[Site "Ffm-Kalbach, LAZ"]
[Date "2006.05.08"]
[Round "3.31"]
[White "Jacob, Christiane"]
[Black "Matzies, Alexander"]
[Result "0-1"]
[WhiteElo "1713"]
[BlackElo "1894"]
[PlyCount "56"]
[EventDate "2006.??.??"]

1. d4 Nf6 2. c4 e5 3. dxe5 Ne4 4. Qd4 Bb4+ 5. Bd2 Nxd2 6. Nxd2 Nc6 7. Qf4 Bxd2+
8. Qxd2 Nxe5 9. e4 d6 10. f4 Nc6 11. Nf3 Bg4 12. Qc3 O-O 13. Bd3 Bxf3 14. gxf3
Qh4+ 15. Ke2 Qxf4 16. Rag1 Ne5 17. Rg3 Rae8 18. Rhg1 g6 19. Bc2 c6 20. Rd1 Re6
21. Kf2 c5 22. Qa5 Qe3+ 23. Kg2 Qe2+ 24. Kh3 Qxc2 25. Rdg1 Nxc4 26. Qc7 Re5 27.
f4 Rh5+ 28. Kg4 Qxe4 0-1

[Event "Frankfurt Ch 2006"]
[Site "Ffm-Kalbach, LAZ"]
[Date "2006.05.08"]
[Round "3.32"]
[White "Rätsch, Kurt"]
[Black "Bitzer, Andre"]
[Result "1-0"]
[WhiteElo "1890"]
[BlackElo "1692"]
[PlyCount "73"]
[EventDate "2006.??.??"]

1. e4 c6 2. d4 d5 3. e5 Bf5 4. Bd3 Bxd3 5. Qxd3 e6 6. f4 c5 7. c3 Qc7 8. Be3
Nc6 9. dxc5 Na5 10. Qb5+ Nc6 11. Nf3 Nge7 12. Nbd2 Nf5 13. Bf2 Be7 14. g4 Nh6
15. h3 O-O-O 16. b4 f6 17. Nd4 Nxd4 18. cxd4 fxe5 19. dxe5 Rhf8 20. Bg3 g5 21.
O-O gxf4 22. Bxf4 Nf7 23. Nb3 d4 24. Qc4 Rd5 25. Nxd4 Nxe5 26. Nxe6 Nxc4 27.
Nxc7 Rd3 28. Nb5 a6 29. Na7+ Kd7 30. Rac1 Ne3 31. Rf3 Bg5 32. Rxe3 Rxe3 33.
Rd1+ Ke6 34. Rd6+ Kf7 35. Bxe3 Bxe3+ 36. Kg2 Ke7 37. Rb6 1-0

[Event "Frankfurt Ch 2006"]
[Site "Ffm-Kalbach, LAZ"]
[Date "2006.05.08"]
[Round "3.33"]
[White "Krischak, Werner"]
[Black "Ahrends, Norbert"]
[Result "0-1"]
[WhiteElo "1709"]
[BlackElo "1884"]
[PlyCount "48"]
[EventDate "2006.??.??"]

1. d4 d5 2. c4 c6 3. Nf3 Nf6 4. Nc3 e6 5. e3 Nbd7 6. Bd3 dxc4 7. Bxc4 b5 8. Bd3
Bb7 9. O-O a6 10. Bd2 c5 11. b3 Bd6 12. Re1 O-O 13. Rc1 Rc8 14. e4 cxd4 15.
Nxd4 Ne5 16. Bb1 Ba3 17. Nce2 Bxc1 18. Bxc1 Bxe4 19. Bxe4 Nxe4 20. Bb2 Nc5 21.
Nf4 Ng6 22. Nh5 Qg5 23. g3 Nd3 24. Re3 Nxb2 0-1

[Event "Frankfurt Ch 2006"]
[Site "Ffm-Kalbach, LAZ"]
[Date "2006.05.08"]
[Round "3.34"]
[White "Ruebsamen, Dietmar"]
[Black "Bauer, Timo"]
[Result "1-0"]
[WhiteElo "1860"]
[BlackElo "1707"]
[PlyCount "51"]
[EventDate "2006.??.??"]

1. Nf3 Nf6 2. g3 b6 3. Bg2 Bb7 4. O-O e6 5. d3 d5 6. Nfd2 Nbd7 7. c4 c6 8. d4
Qc7 9. Re1 h5 10. cxd5 cxd5 11. e4 dxe4 12. Nxe4 Nxe4 13. Bxe4 Bxe4 14. Rxe4
Rd8 15. h4 Nf6 16. Re2 Qd7 17. Bg5 Be7 18. Rd2 Nd5 19. Bxe7 Kxe7 20. Nc3 Nxc3
21. bxc3 Rc8 22. d5 e5 23. Qe2 Kf6 24. Re1 Qd6 25. Qe3 Rhe8 26. Qg5# 1-0

[Event "Frankfurt Ch 2006"]
[Site "Ffm-Kalbach, LAZ"]
[Date "2006.05.08"]
[Round "3.35"]
[White "Stricker, Konstantin"]
[Black "Fischer, Arthur"]
[Result "1-0"]
[WhiteElo "1703"]
[BlackElo "1858"]
[PlyCount "64"]
[EventDate "2006.??.??"]

1. e4 e6 2. d4 d5 3. exd5 exd5 4. Bd3 Bd6 5. Nf3 Bg4 6. O-O Nc6 7. c3 Nge7 8.
Re1 Qd7 9. Nbd2 O-O-O 10. b4 Rde8 11. b5 Nd8 12. a4 Ng6 13. Rxe8 Rxe8 14. Nf1
Bxf3 15. Qxf3 Nh4 16. Qd1 g6 17. Bg5 Nf5 18. Bxd8 Rxd8 19. a5 Re8 20. b6 a6 21.
bxc7 Bxc7 22. Bc2 Qd6 23. Qf3 Qe6 24. Bxf5 gxf5 25. Ne3 Qd6 26. g3 f4 27. Nxd5
fxg3 28. hxg3 h5 29. Qxf7 Rh8 30. Nxc7 h4 31. Ne8 Qc6 32. Qf5+ Kb8 1-0

[Event "Frankfurt Ch 2006"]
[Site "Ffm-Kalbach, LAZ"]
[Date "2006.05.08"]
[Round "3.36"]
[White "Kolker, Vladislav"]
[Black "Smith-Meyer, Geir"]
[Result "1-0"]
[WhiteElo "1856"]
[BlackElo "1669"]
[PlyCount "121"]
[EventDate "2006.??.??"]

1. e4 d6 2. d4 Nf6 3. Nc3 Nbd7 4. f4 e5 5. Nf3 exd4 6. Nxd4 g6 7. Be3 Nc5 8.
Bd3 Qe7 9. Qf3 Bg4 10. Qg3 h5 11. h3 h4 12. Qf2 Bh5 13. Qxh4 Bg7 14. Qf2 Nfxe4
15. Nxe4 Nxe4 16. Bxe4 Qxe4 17. O-O O-O-O 18. Rfe1 a6 19. c3 Qd5 20. Qc2 Bf6
21. c4 Qa5 22. a3 c5 23. Nb3 Qa4 24. Rac1 g5 25. Qf5+ Kb8 26. Nxc5 dxc5 27.
Qxf6 gxf4 28. Qxf4+ Ka8 29. Bxc5 Qb3 30. Bd4 Rhe8 31. Rxe8 Rxe8 32. Qc7 Rg8 33.
Bc3 Be2 34. Qxf7 Bxc4 35. Qh7 Qb6+ 36. Kh1 Qe3 37. Rg1 Bd5 38. Qh4 Qe2 39. Bg7
Bc6 40. Qd4 Qh5 41. Kh2 Qg5 42. Be5 Rd8 43. Bf6 Rxd4 44. Bxg5 Kb8 45. Re1 Kc8
46. Re2 Be4 47. Bf6 Rc4 48. b3 Rc6 49. Rxe4 Rxf6 50. Rd4 Kc7 51. g4 Kc6 52. Rd3
Kc5 53. Kg3 a5 54. g5 Re6 55. h4 Re4 56. g6 Re1 57. h5 b5 58. Kg4 Rg1+ 59. Rg3
Rd1 60. g7 Rd8 61. h6 1-0

[Event "Frankfurt Ch 2006"]
[Site "Ffm-Kalbach, LAZ"]
[Date "2006.05.08"]
[Round "3.37"]
[White "Makilla, Tobias"]
[Black "Schreyer, Alois"]
[Result "1-0"]
[WhiteElo "1682"]
[BlackElo "1855"]
[PlyCount "100"]
[EventDate "2006.??.??"]

1. e4 e6 2. d4 d5 3. Nd2 dxe4 4. Nxe4 Nd7 5. Nf3 Ngf6 6. Nxf6+ Nxf6 7. Bd3 c5
8. dxc5 Bxc5 9. O-O O-O 10. Bg5 b6 11. Qe2 Bb7 12. Rad1 Qc7 13. Bxf6 gxf6 14.
Nh4 Qf4 15. Qh5 f5 16. Be2 Rad8 17. g3 Qc7 18. Bf3 Be7 19. Bxb7 Qxb7 20. Nf3
Bf6 21. Ng5 Rfe8 22. Qxh7+ Kf8 23. Qh6+ Bg7 24. Nh7+ Kg8 25. Nf6+ Kf8 26. Qg5
Rxd1 27. Rxd1 Qe7 28. Nd7+ Kg8 29. Qxe7 Rxe7 30. c3 Re8 31. f4 f6 32. Rd6 Kf7
33. Nxb6 axb6 34. Rxb6 Bf8 35. Rb7+ Be7 36. a4 e5 37. a5 Ke6 38. Kf1 exf4 39.
gxf4 Ra8 40. b4 Rc8 41. a6 Rxc3 42. a7 Ra3 43. b5 Bc5 44. b6 Bxb6 45. Rxb6+ Kd5
46. Rb7 Ke4 47. h4 Kxf4 48. Rg7 Kf3 49. Kg1 Ra1+ 50. Kh2 f4 1-0

[Event "Frankfurt Ch 2006"]
[Site "Ffm-Kalbach, LAZ"]
[Date "2006.05.08"]
[Round "3.38"]
[White "Krüger, Till"]
[Black "Ullmann, Stefan"]
[Result "1-0"]
[WhiteElo "1854"]
[BlackElo "1667"]
[PlyCount "73"]
[EventDate "2006.??.??"]

1. e4 e6 2. d4 d5 3. e5 c5 4. c3 Nc6 5. Be3 Bd7 6. Nf3 Qb6 7. Qd2 f6 8. Be2
fxe5 9. Nxe5 Nxe5 10. dxe5 O-O-O 11. O-O Ne7 12. Bg5 h6 13. Bxe7 Bxe7 14. Na3
Rhf8 15. Nc2 Kb8 16. Kh1 Bc6 17. Ne1 d4 18. c4 Rf5 19. Nd3 Rdf8 20. Kg1 Rg5 21.
f3 Rgf5 22. f4 g5 23. Bg4 gxf4 24. Bxf5 Rxf5 25. Nxf4 Bg5 26. g3 Rxe5 27. h4
Re3 28. hxg5 Rxg3+ 29. Kh2 Rxg5 30. Rg1 Qc7 31. Rg3 Rxg3 32. Kxg3 Qg7+ 33. Kf2
Qg4 34. Rg1 Qf3+ 35. Ke1 e5 36. Ne6 e4 37. Rg8+ 1-0

[Event "Frankfurt Ch 2006"]
[Site "Ffm-Kalbach, LAZ"]
[Date "2006.05.08"]
[Round "3.39"]
[White "Schöne, Matthias"]
[Black "Liebske, Erwin"]
[Result "1-0"]
[WhiteElo "1846"]
[BlackElo "1617"]
[PlyCount "37"]
[EventDate "2006.??.??"]

1. e4 e6 2. d4 d5 3. Nc3 Bb4 4. e5 c5 5. a3 cxd4 6. axb4 dxc3 7. Qg4 cxb2 8.
Bxb2 g6 9. Nf3 h5 10. Qf4 Nh6 11. Bd3 Bd7 12. O-O Nc6 13. c4 dxc4 14. Bxc4 Nf5
15. Rfd1 Qb6 16. b5 Nb4 17. Qd2 Nd5 18. Bxd5 exd5 19. e6 1-0

[Event "Frankfurt Ch 2006"]
[Site "Ffm-Kalbach, LAZ"]
[Date "2006.05.08"]
[Round "3.40"]
[White "Fisher, Jonathan"]
[Black "Winand, Edgar"]
[Result "0-1"]
[WhiteElo "1672"]
[BlackElo "1824"]
[PlyCount "44"]
[EventDate "2006.??.??"]

1. e4 g6 2. d4 d6 3. Bd3 Bg7 4. Nf3 e5 5. dxe5 dxe5 6. O-O c6 7. Be3 Nd7 8.
Nbd2 Qe7 9. Nb3 Nh6 10. h3 f5 11. Bxh6 Bxh6 12. Re1 f4 13. Qe2 g5 14. Nfd2 Nf6
15. Rad1 g4 16. hxg4 Nxg4 17. f3 Ne3 18. Nc4 Nxd1 19. Rxd1 Bg5 20. Qd2 Be6 21.
Nba5 O-O 22. Nxe5 Qc5+ 0-1

[Event "Frankfurt Ch 2006"]
[Site "Ffm-Kalbach, LAZ"]
[Date "2006.05.08"]
[Round "3.42"]
[White "Gehlhar, Michael"]
[Black "Kühnel, Marcus"]
[Result "0-1"]
[WhiteElo "1661"]
[BlackElo "1807"]
[PlyCount "46"]
[EventDate "2006.??.??"]

1. Nf3 Nf6 2. g3 g6 3. c4 Bg7 4. Bg2 O-O 5. O-O d6 6. Nc3 e5 7. d3 Nc6 8. Bg5
h6 9. Bd2 Nh5 10. Qc1 Kh7 11. Rb1 a5 12. Nd5 f5 13. e3 Nf6 14. Nxf6+ Qxf6 15.
a3 Be6 16. Ne1 g5 17. Nc2 f4 18. Be4+ Bf5 19. f3 fxg3 20. hxg3 Bxe4 21. dxe4
Qg6 22. Ne1 g4 23. Qc2 gxf3 0-1

[Event "Frankfurt Ch 2006"]
[Site "Ffm-Kalbach, LAZ"]
[Date "2006.05.08"]
[Round "3.43"]
[White "Vogelgesang, Marc"]
[Black "Ganjian, Mehrdad"]
[Result "0-1"]
[WhiteElo "1552"]
[BlackElo "1802"]
[PlyCount "112"]
[EventDate "2006.??.??"]

1. e4 c6 2. Nc3 d5 3. Nf3 d4 4. Ne2 c5 5. Ng3 a6 6. a4 Nc6 7. Bc4 Nf6 8. O-O
Bg4 9. Be2 h5 10. d3 h4 11. Nh1 h3 12. g3 Bxf3 13. Bxf3 e6 14. Be2 Qb6 15. f4
O-O-O 16. b3 e5 17. Bd2 Kb8 18. Qc1 Bd6 19. f5 Ne7 20. Rf3 Qc6 21. Nf2 Bc7 22.
Nd1 Bb6 23. Nb2 g6 24. fxg6 fxg6 25. Bg5 Rhf8 26. Qf1 Neg8 27. Nc4 Bc7 28. Qxh3
Rd7 29. Qg2 Rdf7 30. Raf1 b5 31. axb5 axb5 32. Nb2 Qe6 33. Qf2 Bb6 34. Ra1 Kb7
35. Qf1 c4 36. bxc4 Nxe4 37. Rxf7+ Rxf7 38. Qg2 Qc6 39. Bf3 Rxf3 40. Qxf3 Nxg5
41. Qxc6+ Kxc6 42. Ra8 Ne7 43. cxb5+ Kxb5 44. h4 Ne6 45. Re8 Bc5 46. Kg2 Nc7
47. Rh8 Ncd5 48. Kf3 Ne3 49. Ke4 Nxc2 50. Kxe5 Nc6+ 51. Ke4 Ba3 52. Nc4 Bb4 53.
Rg8 Ne7 54. Rg7 Ka4 55. Rf7 Kb3 56. Ne5 Nf5 {...} 0-1

[Event "Frankfurt Ch 2006"]
[Site "Ffm-Kalbach, LAZ"]
[Date "2006.05.08"]
[Round "3.44"]
[White "Köhler, Ralph"]
[Black "Kinski, Sven"]
[Result "0-1"]
[WhiteElo "1202"]
[BlackElo "1798"]
[PlyCount "84"]
[EventDate "2006.??.??"]

1. d4 g6 2. Nc3 Bg7 3. Bf4 d6 4. Nf3 Bg4 5. e3 a6 6. h3 Bd7 7. Bd3 e6 8. O-O
Ne7 9. Bg5 O-O 10. a3 h6 11. Bh4 g5 12. Bg3 f5 13. Ne2 Ng6 14. c3 Qf6 15. Rb1
h5 16. Kh1 Bc6 17. Ne1 h4 18. Bh2 g4 19. hxg4 fxg4 20. Nf4 Nxf4 21. Bxf4 e5 22.
Bc4+ Kh8 23. dxe5 dxe5 24. Bh2 Qh6 25. Qxg4 Nd7 26. Kg1 Rf6 27. Be2 Qh7 28. Bd3
e4 29. Bc2 h3 30. Qxh3 Rh6 31. Qg3 Be5 32. f4 Rg8 33. Qxg8+ Qxg8 34. fxe5 Bb5
35. Rf2 Qh7 36. g3 Nxe5 37. Rd1 Ng4 38. Rf8+ Kg7 39. Rdd8 Rxh2 40. Rg8+ Kf6 41.
Rdf8+ Ke7 42. Re8+ Bxe8 0-1

[Event "Frankfurt Ch 2006"]
[Site "Ffm-Kalbach, LAZ"]
[Date "2006.05.08"]
[Round "3.45"]
[White "Krüger, Manfred"]
[Black "Adair, Robin"]
[Result "0-1"]
[WhiteElo "1184"]
[BlackElo "1797"]
[PlyCount "48"]
[EventDate "2006.??.??"]

1. e4 c5 2. Nf3 Nc6 3. d4 cxd4 4. Nxd4 Nf6 5. Nc3 e5 6. Nxc6 bxc6 7. Bd2 Bb4 8.
f3 O-O 9. a3 Bxc3 10. Bxc3 Nxe4 11. g3 Nxc3 12. bxc3 d5 13. Bg2 Ba6 14. Qd2 f5
15. f4 exf4 16. Qxf4 Qe7+ 17. Kf2 Qe2+ 18. Kg1 Qxc2 19. Qd4 Rae8 20. Bf3 Be2
21. Qf2 Qxc3 22. Kg2 Bxf3+ 23. Qxf3 Qd2+ 24. Kh3 Rf6 0-1

[Event "Frankfurt Ch 2006"]
[Site "Ffm-Kalbach, LAZ"]
[Date "2006.05.08"]
[Round "3.50"]
[White "Schirmer, Karl-Heinz"]
[Black "Plattner, Rolf"]
[Result "1-0"]
[WhiteElo "1805"]
[BlackElo "1557"]
[PlyCount "113"]
[EventDate "2006.??.??"]

1. d4 Nf6 2. c4 e6 3. Nc3 Bb4 4. Qc2 c5 5. e3 Nc6 6. Nf3 d5 7. dxc5 Bxc5 8.
cxd5 exd5 9. Bb5 Qe7 10. O-O O-O 11. Bxc6 bxc6 12. Na4 Bd6 13. h3 Bd7 14. Bd2
Ne4 15. Nc3 Nxd2 16. Qxd2 Rab8 17. Rfe1 Qf6 18. e4 Bf4 19. Qd4 Qxd4 20. Nxd4
Be5 21. Nb3 d4 22. Na4 Rb4 23. Nac5 Be6 24. Nd3 Rb5 25. Nbc5 Bd6 26. Nxe6 fxe6
27. b3 Ba3 28. Re2 Rc8 29. Rc2 e5 30. Rc4 Bd6 31. Rac1 Rb6 32. b4 a6 33. a4 Kf7
34. g3 Ke7 35. f4 Ke6 36. Kg2 Rcb8 37. Rxc6 Kd7 38. Rxb6 Rxb6 39. Rc4 Rc6 40.
Rxc6 Kxc6 41. fxe5 Be7 42. Kf3 Bd8 43. Kf4 Kd7 44. Nc5+ Kc6 45. Nxa6 Bg5+ 46.
Kf3 Bd2 47. Ke2 Bc3 48. Kd3 Be1 49. Kxd4 Bxg3 50. b5+ Kb6 51. Kd5 Bh4 52. Nc5
Be7 53. Nd7+ Kb7 54. a5 g5 55. a6+ Ka7 56. Ke6 Bd8 57. Kf5 1-0

[Event "Frankfurt Ch 2006"]
[Site "Ffm-Kalbach, LAZ"]
[Date "2006.05.08"]
[Round "3.51"]
[White "Scheerer, Michael"]
[Black "Krohne, Robert"]
[Result "0-1"]
[WhiteElo "1399"]
[BlackElo "1784"]
[PlyCount "72"]
[EventDate "2006.??.??"]

1. e4 e6 2. d4 d5 3. Nc3 Bb4 4. e5 c5 5. a3 Bxc3+ 6. bxc3 cxd4 7. cxd4 Ne7 8.
Bd3 Nbc6 9. Nf3 Nf5 10. Bxf5 exf5 11. Rb1 b6 12. O-O O-O 13. Re1 Be6 14. Rb3
Rc8 15. Ree3 Na5 16. Rbc3 Nc4 17. Red3 f4 18. Nd2 Bf5 19. Rf3 Bg4 20. Nxc4 Rxc4
21. Rxc4 dxc4 22. Bxf4 Bxf3 23. gxf3 Qd5 24. c3 b5 25. Qe2 Rd8 26. Qe4 a5 27.
Qxd5 Rxd5 28. Kf1 b4 29. axb4 axb4 30. cxb4 Rxd4 31. Be3 Rd5 32. f4 c3 33. Ke2
c2 34. Bd2 Kf8 35. b5 Ke8 36. b6 Kd7 0-1

[Event "Frankfurt Ch 2006"]
[Site "Ffm-Kalbach, LAZ"]
[Date "2006.05.08"]
[Round "3.52"]
[White "Weiland, Thomas"]
[Black "Schmidt, Volker"]
[Result "1-0"]
[WhiteElo "1781"]
[BlackElo "1547"]
[PlyCount "139"]
[EventDate "2006.??.??"]

1. e4 e5 2. Nf3 Nc6 3. Bb5 Nge7 4. O-O d6 5. h3 h6 6. c3 g5 7. Nh2 h5 8. d4 g4
9. h4 a6 10. Ba4 Bd7 11. d5 Nb8 12. f4 Ng6 13. Bxd7+ Nxd7 14. g3 Nxh4 15. gxh4
Qxh4 16. Qe1 g3 17. Nf3 Qg4 18. fxe5 dxe5 19. Ng5 Bc5+ 20. Kg2 h4 21. Nh3 Bf2
22. Nxf2 gxf2+ 23. Kxf2 Nc5 24. Qe3 Nxe4+ 25. Ke1 Qg3+ 26. Qxg3 hxg3 27. Nd2
Nxd2 28. Bxd2 g2 29. Rg1 O-O-O 30. Kf2 Rxd5 31. Be3 e4 32. Rxg2 Rf5+ 33. Ke2
Rb5 34. b3 f5 35. c4 Ra5 36. Rf2 Rh5 37. Bd2 Re5 38. Bc3 Re6 39. Raf1 e3 40.
Rg2 b5 41. cxb5 axb5 42. Bd4 Rh4 43. Bc5 f4 44. Rf3 Rc6 45. b4 Ra6 46. Kd3 Re6
47. Re2 Kd7 48. Re1 Rh2 49. Rxf4 Rxa2 50. Rxe3 Ra3+ 51. Ke2 Rexe3+ 52. Bxe3 Rc3
53. Rf6 Rc4 54. Rf4 Rc2+ 55. Kd3 Rb2 56. Bc5 Rb1 57. Rf6 Rd1+ 58. Ke4 Re1+ 59.
Kd5 Rd1+ 60. Bd4 c6+ 61. Kc5 Rc1+ 62. Kb6 c5 63. Bxc5 Rh1 64. Rd6+ Kc8 65. Kxb5
Rh7 66. Ka6 Rh8 67. b5 Rh7 68. b6 Rh8 69. b7+ Kc7 70. Rb6 1-0

[Event "Frankfurt Ch 2006"]
[Site "Ffm-Kalbach, LAZ"]
[Date "2006.05.08"]
[Round "3.53"]
[White "Mahnke, Ralf"]
[Black "Müllergroß, Christian"]
[Result "1-0"]
[WhiteElo "1776"]
[BlackElo "1489"]
[PlyCount "53"]
[EventDate "2006.??.??"]

1. d4 e6 2. c4 f5 3. g3 Nf6 4. Bg2 c6 5. Nh3 d6 6. Nf4 g5 7. Nd3 h6 8. Nc3 Nbd7
9. h4 g4 10. Nf4 e5 11. Ne6 Qb6 12. dxe5 dxe5 13. Nxf8 Kxf8 14. O-O Kg7 15. b3
Re8 16. Qd2 Ng8 17. Bb2 Kg6 18. Rad1 Ngf6 19. Bc1 Rh8 20. Qc2 e4 21. Rd6 Ne5
22. Nd5 cxd5 23. Rxb6 axb6 24. cxd5 Rd8 25. Rd1 Rd6 26. Bf4 Nfd7 27. Qc7 1-0

[Event "Frankfurt Ch 2006"]
[Site "Ffm-Kalbach, LAZ"]
[Date "2006.05.08"]
[Round "3.55"]
[White "Petersen, Gerd"]
[Black "Breitbach, Stephan"]
[Result "1-0"]
[WhiteElo "1632"]
[BlackElo "1361"]
[PlyCount "93"]
[EventDate "2006.??.??"]

1. Nf3 d5 2. d4 g6 3. g3 Nf6 4. Bg2 Bg7 5. O-O O-O 6. Bf4 Nbd7 7. Nbd2 c5 8. c3
Qb6 9. b3 cxd4 10. cxd4 Ne4 11. Be3 Ndf6 12. Ne5 Nc3 13. Qe1 Qa6 14. Nd3 Bg4
15. f3 Bf5 16. Nc1 Bd7 17. Nb1 Nxb1 18. Rxb1 Qe6 19. Bf2 Bb5 20. Qb4 Bc6 21.
Re1 a5 22. Qd2 Rfd8 23. Nd3 Bb5 24. Nc5 Qb6 25. b4 Bc6 26. b5 Be8 27. a4 Nd7
28. Rbc1 Bf8 29. e4 e5 30. Nxd7 Rxd7 31. dxe5 Qe6 32. exd5 Rxd5 33. Qb2 Rd3 34.
f4 Ba3 35. Qb1 Rb3 36. Qc2 Bxc1 37. Rxc1 Bxb5 38. axb5 Rxb5 39. Bf1 Rd5 40. Bc4
Rc8 41. Qb3 Qc6 42. Be3 Rcd8 43. Bxd5 Qxd5 44. Qxd5 Rxd5 45. Rc8+ Kg7 46. Rc7
b5 47. e6 1-0

[Event "Frankfurt Ch 2006"]
[Site "Ffm-Kalbach, LAZ"]
[Date "2006.05.08"]
[Round "3.57"]
[White "Plötz, Hans-Jürgen"]
[Black "Jordake, Michael"]
[Result "0-1"]
[WhiteElo "1442"]
[BlackElo "1572"]
[PlyCount "62"]
[EventDate "2006.??.??"]

1. d4 Nf6 2. Nf3 d5 3. Bf4 g6 4. e3 Bg7 5. c4 c6 6. Nc3 O-O 7. Qb3 e6 8. Be2
Nbd7 9. cxd5 cxd5 10. Rc1 a6 11. O-O b5 12. a4 bxa4 13. Nxa4 Ra7 14. Rc3 Ne4
15. Rc6 Rb7 16. Qc2 Rb4 17. Bd3 Ndf6 18. Rc1 Bd7 19. Rxa6 Bxa4 20. Rxa4 Rxa4
21. Qxa4 Qb6 22. Qc2 h6 23. Rb1 Qb7 24. h3 Rc8 25. Qe2 Qb3 26. Nd2 Qa4 27. Nxe4
dxe4 28. b3 exd3 29. Qxd3 Qa2 30. b4 Rc2 31. Bg3 Qxb1+ 0-1

[Event "Frankfurt Ch 2006"]
[Site "Ffm-Kalbach, LAZ"]
[Date "2006.05.08"]
[Round "3.58"]
[White "Richter, Edgar"]
[Black "Kronenburg, Bernd"]
[Result "0-1"]
[WhiteElo "1300"]
[BlackElo "1695"]
[PlyCount "64"]
[EventDate "2006.??.??"]

1. e4 c5 2. Nf3 e6 3. d4 Nf6 4. Nc3 cxd4 5. Nxd4 Nc6 6. Nxc6 bxc6 7. Bd3 Bb4 8.
Bd2 e5 9. a3 Be7 10. O-O d6 11. f4 Qb6+ 12. Kh1 Qxb2 13. fxe5 dxe5 14. Qb1 Qxb1
15. Rfxb1 O-O 16. Be3 Ng4 17. Bg1 f5 18. Bc4+ Kh8 19. exf5 Bxf5 20. Bb3 e4 21.
Re1 Bf6 22. Bc5 Bxc3 23. Bxf8 Rxf8 24. h3 Nf2+ 25. Kh2 Bxa1 26. Rxa1 e3 27. Re1
Re8 28. Bf7 Re7 29. Bh5 Bxc2 30. Bf3 Ba4 31. Kg3 g6 32. Kf4 Nd3+ 0-1

[Event "Frankfurt Ch 2006"]
[Site "Ffm-Kalbach, LAZ"]
[Date "2006.05.08"]
[Round "3.59"]
[White "Schönmann, Bernd"]
[Black "Schwabe, Manfred"]
[Result "1-0"]
[WhiteElo "1268"]
[BlackElo "1680"]
[PlyCount "93"]
[EventDate "2006.??.??"]

1. e4 e6 2. Nf3 c5 3. Bc4 Nc6 4. Nc3 a6 5. O-O b5 6. Be2 Nd4 7. d3 d6 8. Be3 e5
9. Nd5 Ne7 10. c3 Nxe2+ 11. Qxe2 Bg4 12. h3 Be6 13. c4 b4 14. Bg5 h6 15. Bh4 f6
16. Ne1 g5 17. Qh5+ Kd7 18. Nxf6+ Kc7 19. Bxg5 Bg7 20. Nd5+ Bxd5 21. Bxe7 Qxe7
22. cxd5 Raf8 23. Nc2 Bf6 24. Rac1 a5 25. Ne3 Bg5 26. Qe2 Qd7 27. Rc2 Rhg8 28.
Qg4 Qe8 29. Nc4 a4 30. Qe6 Qd8 31. Nxe5 Rf6 32. Nc6 Qf8 33. Qe7+ Qxe7 34. Nxe7
Re8 35. Nf5 Bf4 36. Ng7 Rg8 37. Ne6+ Kb6 38. d4 cxd4 39. Rc6+ Kb7 40. Nxd4 Be5
41. Nc2 b3 42. axb3 axb3 43. Na3 Rfg6 44. g3 h5 45. Nc4 Bd4 46. Kg2 Ra8 47.
Nxd6+ 1-0

[Event "Frankfurt Ch 2006"]
[Site "Ffm-Kalbach, LAZ"]
[Date "2006.05.08"]
[Round "3.60"]
[White "Waschke, Thomas"]
[Black "Ortiz-Rodriguez, Jose"]
[Result "1-0"]
[WhiteElo "1615"]
[BlackElo "1301"]
[PlyCount "73"]
[EventDate "2006.??.??"]

1. e4 d6 2. d4 Nf6 3. Nc3 c6 4. Nf3 Nbd7 5. Bf4 Qa5 6. Bd2 e5 7. Bc4 Be7 8. O-O
O-O 9. Re1 Qc7 10. h3 b5 11. Bb3 a5 12. a3 Bb7 13. Qe2 Nh5 14. d5 Nf4 15. Bxf4
exf4 16. dxc6 Bxc6 17. Nxb5 Bxb5 18. Qxb5 Nb6 19. Qd3 Bf6 20. c3 Rab8 21. Re2
Nd7 22. Ba2 Nc5 23. Qc4 a4 24. Nd4 h6 25. Rd1 Rbc8 26. Nb5 Qe7 27. Nxd6 Rc7 28.
Qb4 Na6 29. Qxa4 Nb8 30. Red2 Be5 31. Nxf7 Rxf7 32. Bxf7+ Qxf7 33. Rd8+ Kh7 34.
Qe8 Qb3 35. Qxe5 Nc6 36. Qf5+ g6 37. R1d7+ 1-0

[Event "Frankfurt Ch 2006"]
[Site "Ffm-Kalbach, LAZ"]
[Date "2006.05.08"]
[Round "3.61"]
[White "Kirschner, Matthias"]
[Black "Schukowski, Werner"]
[Result "0-1"]
[WhiteElo "1547"]
[BlackElo "1292"]
[PlyCount "96"]
[EventDate "2006.??.??"]

1. c4 Nf6 2. Nc3 b6 3. Nf3 Bb7 4. g3 e6 5. Bg2 Bb4 6. O-O Bxc3 7. bxc3 c5 8. d3
d6 9. Bg5 Nbd7 10. Nd2 Bxg2 11. Kxg2 h6 12. Bxf6 Nxf6 13. f4 Qd7 14. e4 h5 15.
Qf3 Qc6 16. d4 O-O-O 17. e5 Qxf3+ 18. Nxf3 Ng4 19. Rae1 d5 20. Nd2 cxd4 21.
cxd4 dxc4 22. Re4 b5 23. Rc1 Kb7 24. Nf3 Rd7 25. h3 Nh6 26. Re2 Nf5 27. Rd2
Rhd8 28. Rb2 Ka6 29. a4 Rb8 30. Rcb1 Rd5 31. g4 c3 32. Ra2 b4 33. gxf5 b3 34.
fxe6 fxe6 35. Rab2 cxb2 36. Rxb2 Ka5 37. Ng5 Rxd4 38. Nxe6 Rxa4 39. Kf3 Ra2 40.
Rb1 b2 41. Nd4 Ka4 42. Ne2 Rb3+ 43. Ke4 Kb4 44. e6 Raa3 45. Nd4 Re3+ 46. Kf5
Ra5+ 47. Kg6 Kc3 48. Nc6 Rxe6+ 0-1

[Event "Frankfurt Ch 2006"]
[Site "Ffm-Kalbach, LAZ"]
[Date "2006.05.08"]
[Round "3.63"]
[White "Baur, Egbert"]
[Black "Popp, Matthias"]
[Result "0-1"]
[WhiteElo "1215"]
[BlackElo "1536"]
[PlyCount "106"]
[EventDate "2006.??.??"]

1. f4 Nf6 2. Nf3 d5 3. d4 e6 4. e3 c5 5. Nc3 a6 6. Be2 Be7 7. O-O O-O 8. Ne5
Nc6 9. Nxc6 bxc6 10. Bg4 Qc7 11. Bf3 cxd4 12. exd4 c5 13. Ne2 Bd7 14. c3 Bb5
15. b3 Rad8 16. Rf2 Nd7 17. Be3 c4 18. Qc2 f5 19. g4 Nf6 20. gxf5 exf5 21. Qxf5
Be8 22. Ng3 Ne4 23. Qh3 Nxf2 24. Kxf2 cxb3 25. axb3 a5 26. Rc1 Bf7 27. Nf5 Ba3
28. Rg1 Bg6 29. Nh4 Qxc3 30. Nxg6 hxg6 31. Qe6+ Rf7 32. Bxd5 Qc2+ 33. Kf3 Qf5
34. Qxf7+ Qxf7 35. Bxf7+ Kxf7 36. Rg5 Bb4 37. h4 Rc8 38. d5 Rc3 39. Re5 Rxb3
40. d6 Rd3 41. Re7+ Kf8 42. Rd7 Rxd6 43. Rxd6 Bxd6 44. Ke4 Kf7 45. Kd5 Be7 46.
Kc4 Bxh4 47. Kb5 Bd8 48. Ka4 Ke6 49. Bd2 Bc7 50. Bxa5 Bxa5 51. Kxa5 Kf5 52. Kb4
Kxf4 53. Kc3 Kf3 0-1

[Event "Frankfurt Ch 2006"]
[Site "Ffm-Kalbach, LAZ"]
[Date "2006.05.08"]
[Round "3.64"]
[White "Ludwig, Helmut"]
[Black "Honert, Stefan"]
[Result "1-0"]
[WhiteElo "1496"]
[BlackElo "1201"]
[PlyCount "75"]
[EventDate "2006.??.??"]

1. d4 d5 2. c4 e6 3. Nf3 Nf6 4. g3 c6 5. Nbd2 Nbd7 6. Bg2 Bd6 7. O-O O-O 8. Qc2
e5 9. cxd5 Nxd5 10. Nc4 Qe7 11. Ng5 N7f6 12. e4 Nc7 13. dxe5 Bxe5 14. Nxe5 Qxe5
15. Bf4 Qa5 16. b4 Qb6 17. Rfd1 Ne6 18. e5 h6 19. Nxe6 Bxe6 20. exf6 g5 21. Bd6
Rfe8 22. Bc5 Qc7 23. Qc3 Rac8 24. Rd2 b6 25. Be3 c5 26. bxc5 bxc5 27. Rc1 c4
28. Rd4 Red8 29. Rxd8+ Rxd8 30. Bf1 Rc8 31. Bd4 Bd5 32. Qb4 Qc6 33. Bc3 Rd8 34.
Qe7 Rc8 35. Bh3 Bh1 36. Qxa7 g4 37. Bf1 Rd8 38. Qe3 1-0